000 00370 a2200157 4500
001 153210
040 _cEscola São Tomás de Aquino
100 _aWATANABE, Luci Guimarães
240 1 0 _aDe que foi que eu morri ?
_lpor
245 1 0 _aDe que foi que eu morri ?
300 _a64
362 0 _a2004
440 1 _aAtual
697 _a*LITERATURA JUVENIL
942 _cBK
999 _c153210
_d153210